Catálogo - Centro de Recursos para el Aprendizaje y la Investigación
Volver al Sitio - CRAI Biblioteca| 000 -CABECERA | |
|---|---|
| campo de control de longitud fija | 01879nam a22002537a 4500 |
| 001 - NÚMERO DE CONTROL | |
| campo de control | 114027 |
| 003 - IDENTIFICADOR DEL NÚMERO DE CONTROL | |
| campo de control | DR-UNIBE |
| 005 - FECHA Y HORA DE LA ÚLTIMA TRANSACCIÓN | |
| campo de control | 20250807112047.0 |
| 008 - DATOS DE LONGITUD FIJA--INFORMACIÓN GENERAL | |
| campo de control de longitud fija | 250807b2025 dr ||||| |||| 00| 0 spa d |
| 020 ## - NÚMERO INTERNACIONAL ESTÁNDAR DEL LIBRO | |
| Número Internacional Estándar del Libro | 9789945945331 |
| 040 ## - FUENTE DE LA CATALOGACIÓN | |
| Centro catalogador/agencia de origen | BIBLIOTECA UNIBE |
| Centro/agencia transcriptor | BIBLIOTECA UNIBE |
| Normas de descripción | rda |
| 041 ## - CÓDIGO DE LENGUA | |
| Código de lengua del texto/banda sonora o título independiente | spa |
| 082 ## - NÚMERO DE LA CLASIFICACIÓN DECIMAL DEWEY | |
| Número de clasificación | RD 972.93 B333h |
| 100 1# - ENTRADA PRINCIPAL--NOMBRE DE PERSONA | |
| Nombre de persona | Batista Lemaire, Olivier |
| Término indicativo de función/relación | autor |
| 9 (RLIN) | 1434 |
| 245 10 - MENCIÓN DE TÍTULO | |
| Título | Historia social de la dominación haitiana (1822-1844) / |
| Mención de responsabilidad, etc. | Olivier Batista Lemaire |
| 260 ## - PUBLICACIÓN, DISTRIBUCIÓN, ETC. | |
| Lugar de publicación, distribución, etc. | Santo Domingo : |
| Nombre del editor, distribuidor, etc. | Academia Dominicana de la Historia : Archivo General de la Nación, |
| Fecha de publicación, distribución, etc. | 2025 |
| 300 ## - DESCRIPCIÓN FÍSICA | |
| Extensión | 497 páginas : |
| Otras características físicas | ilustraciones, fotografías |
| 490 ## - MENCIÓN DE SERIE | |
| Mención de serie | Archivo General de la Nación ; |
| Designación de volumen o secuencia | 171 |
| 490 ## - MENCIÓN DE SERIE | |
| Mención de serie | Academia Dominicana de la Historia ; |
| Designación de volumen o secuencia | 540 |
| 505 ## - NOTA DE CONTENIDO CON FORMATO | |
| Nota de contenido con formato | Capítulo 1. La invasión de Toussaint Louverture a Santo Domingo: dictadura agraria y rechazo |<br/>Capítulo 2. Jean Pierre Boyer y el grupo socioétnico mulato: biografía social y contexto político-militar |<br/>Capítulo 3. El poder militar haitiano y la relegación social de los hispano-dominicanos |<br/>Capítulo 4. Acciones de resistencia y protestas de los hispano-dominicanos contra las arbitrariedades y vejámenes militares |<br/>Capítulo 5. La élite civil hispano-dominicana: posiciones sociales ancilares y/o exilio protestatario |<br/>Capítulo 6. La cuestión esclava: de la abolición de la esclavitud a la servidumbre |<br/>Capítulo 7. La Ley del 8 de julio de 1824: expropiaciones y resistencia popular hispano-dominicana.<br/>Capítulo 8. La repartición de tierras por Jean Pierre Boyer: de la ficción a la realidad |<br/>Capítulo 9. El código rural de 1826: una opción coercitiva para aumentar la producción | |
| 650 #7 - PUNTO DE ACCESO ADICIONAL DE MATERIA--TÉRMINO DE MATERIA | |
| Fuente del encabezamiento o término | lemb |
| Término de materia o nombre geográfico como elemento de entrada | Historia |
| Subdivisión geográfica | República Dominicana |
| 9 (RLIN) | 198254 |
| 651 #7 - PUNTO DE ACCESO ADICIONAL DE MATERIA--NOMBRE GEOGRÁFICO | |
| Fuente del encabezamiento o término | lemb |
| Nombre geográfico | República Dominicana |
| Subdivisión general | Historia |
| Subdivisión cronológica | Ocupación haitiana, 1822-1844 |
| 9 (RLIN) | 198251 |
| 942 ## - ELEMENTOS DE PUNTO DE ACCESO ADICIONAL (KOHA) | |
| Fuente del sistema de clasificación o colocación | Sistema de Clasificación Decimal Dewey |
| Tipo de ítem Koha | Libro (general) |
| Estado de retiro | Estado de pérdida | Fuente del sistema de clasificación o colocación | No para préstamo | Código de colección | Localización permanente | Fecha de adquisición | Total de préstamos | Signatura topográfica completa | Código de barras | Fecha visto por última vez | Número de copia | Precio válido a partir de | Tipo de ítem Koha |
|---|---|---|---|---|---|---|---|---|---|---|---|---|---|
| Disponible | Sistema de Clasificación Decimal Dewey | General - Libros dominicanos | Biblioteca Central UNIBE | 07/08/2025 | RD 972.93 B333h | 250937 | 07/08/2025 | Ej. 1 | 07/08/2025 | Libro (general) |